000 00707nam a2200265Ia 4500
005 20260121170519.0
008 008 260114s9999 xx 000 0 eng d
020 _a9789811300172
037 _aEBOOK
040 _aCRL
040 _beng
040 _cCRL
041 _2eng
041 _aeng
084 _qCRL
100 _aDongmei Zhang, Xin Huang
_91064816
245 0 _aProceedings of GeoShanghai 2018 International Conference: Tunnelling and Underground Construction
260 _bSpringer
260 _bSpringer
260 _c2018
856 _uhttps://link.springer.com/openurl?genre=book&isbn=978-981-13-0017-2
942 _cEBOOK
999 _c1630546
_d1630546